[Event "Stuttgart-chB int"]
[Site "Ditzingen"]
[Date "2014.05.30"]
[Round "4"]
[White "Fischer, Reinhardt"]
[Black "Kovac, Marijo"]
[Result "1-0"]
[WhiteElo "1756"]
[BlackElo "1549"]
[PlyCount "93"]
[EventDate "2014.05.29"]
[EventType "swiss"]
[EventRounds "7"]
[EventCountry "GER"]
[SourceTitle "EXT 2015"]
[Source "ChessBase"]
[SourceDate "2014.11.20"]
[SourceVersion "1"]
[SourceVersionDate "2014.11.20"]
[SourceQuality "1"]

1. e4 Nf6 2. e5 Nd5 3. d4 d6 4. c4 Nb6 5. c5 dxc5 6. dxc5 Qxd1+ 7. Kxd1 Nd5 8. Bc4 c6 9. Bxd5 cxd5 10. Be3 Bf5 11. Nc3 Nc6 12. Nb5 0-0-0 13. Nd4 Nxd4 14. Bxd4 e6 15. Ne2 Be7 16. Rc1 Kc7 17. b4 a6 18. Nc3 Bg5 19. Ra1 Bd3 20. h4 Be7 21. Kd2 Bc4 22. a4 Kc6 23. g3 h5 24. b5+ axb5 25. axb5+ Bxb5 26. Nxb5 Kxb5 27. Rhb1+ Kc6 28. Rb6+ Kc7 29. Ra7 Rb8 30. c6 g5 31. Rbxb7+ Rxb7 32. Rxb7+ Kxc6 33. Rxe7 gxh4 34. gxh4 Rh7 35. Be3 Rg7 36. Bg5 Kc5 37. Kd3 Kc6 38. f4 Rh7 39. Kd4 Rg7 40. f5 exf5 41. e6 Kd6 42. exf7 Rxg5 43. f8Q Rg4+ 44. Kd3 Kc6 45. Qf6+ Kc5 46. Rc7+ Kb4 47. Qb2+ 1-0

[Event "Stuttgart-chB int"]
[Site "Ditzingen"]
[Date "2014.05.30"]
[Round "5"]
[White "Hartmann, Christian"]
[Black "Kovac, Marijo"]
[Result "1/2-1/2"]
[WhiteElo "1650"]
[BlackElo "1549"]
[PlyCount "88"]
[EventDate "2014.05.29"]
[EventType "swiss"]
[EventRounds "7"]
[EventCountry "GER"]
[SourceTitle "EXT 2015"]
[Source "ChessBase"]
[SourceDate "2014.11.20"]
[SourceVersion "1"]
[SourceVersionDate "2014.11.20"]
[SourceQuality "1"]

1. e4 Nf6 2. e5 Nd5 3. Nf3 d6 4. d4 Bg4 5. c4 Nb6 6. Qb3 Nc6 7. Nbd2 e6 8. h3 Bxf3 9. Nxf3 dxe5 10. dxe5 Bb4+ 11. Ke2 Qd7 12. Bg5 Be7 13. Rd1 Qc8 14. Bxe7 Nxe7 15. g3 0-0 16. Bg2 c6 17. Rhe1 Qc7 18. Kf1 Ng6 19. Qc3 Rfd8 20. b3 Rxd1 21. Rxd1 Rd8 22. Re1 Qd7 23. Ng5 Qd3+ 24. Qxd3 Rxd3 25. Be4 Rd2 26. Bxg6 hxg6 27. Re2 Rd3 28. Kg2 Nd7 29. f4 Kf8 30. Ne4 Ke7 31. Nf2 Rd4 32. Kf3 Nc5 33. Ke3 Rd8 34. b4 Na4 35. Ne4 Rd1 36. Rd2 Re1+ 37. Kf3 Rb1 38. b5 cxb5 39. cxb5 Rxb5 40. Nd6 Rc5 41. Nxb7 Rc3+ 42. Kf2 Ra3 43. Na5 Rc3 44. Nb7 Nc5 1/2-1/2

[Event "Stuttgart-chB int"]
[Site "Ditzingen"]
[Date "2014.05.29"]
[Round "2"]
[White "Hahn, Lilli"]
[Black "Kovac, Marijo"]
[Result "1-0"]
[WhiteElo "1773"]
[BlackElo "1549"]
[PlyCount "119"]
[EventDate "2014.05.29"]
[EventType "swiss"]
[EventRounds "7"]
[EventCountry "GER"]
[SourceTitle "EXT 2015"]
[Source "ChessBase"]
[SourceDate "2014.11.20"]
[SourceVersion "1"]
[SourceVersionDate "2014.11.20"]
[SourceQuality "1"]

1. d4 Nf6 2. c4 g6 3. Nc3 Bg7 4. e4 d6 5. f4 0-0 6. Nf3 c5 7. dxc5 dxc5 8. Bd3 Bg4 9. e5 Ne8 10. 0-0 Nc6 11. h3 Bxf3 12. Qxf3 Qd7 13. Qd5 Rd8 14. Be4 Nc7 15. Qxd7 Rxd7 16. Be3 Nd4 17. Rad1 Rfd8 18. Bxb7 Ne2+ 19. Kh2 Nxc3 20. Rxd7 Rxd7 21. bxc3 f6 22. Bc6 Rd8 23. Bxc5 fxe5 24. Bxe7 Rd3 25. f5 Kf7 26. Bb4 gxf5 27. Rxf5+ Ke6 28. Rf3 Rd2 29. a3 Bh6 30. Rf1 Re2 31. Bf3 Bf4+ 32. Kg1 Rd2 33. Rd1 Rxd1+ 34. Bxd1 Kf5 35. Bc2+ e4 36. Bc5 a6 37. g4+ Kg5 38. Bxe4 Be5 39. Bd4 Bd6 40. c5 Be7 41. Bxh7 Ne6 42. Be3+ Kh4 43. Kg2 Nxc5 44. Bc2 Ne6 45. a4 a5 46. Bd1 Bd6 47. Bf2+ Kg5 48. h4+ Kg6 49. Bc2+ Kf6 50. Kf3 Be5 51. g5+ Kg7 52. Bb3 Nxg5+ 53. hxg5 Bxc3 54. Kg4 Kg6 55. Bc2+ Kg7 56. Bb6 Bb4 57. Bd4+ Kg8 58. g6 Be7 59. Bb3+ Kf8 60. g7+ 1-0